| 000 | 01237cam a2200229 4500 | ||
|---|---|---|---|
| 001 | ABS63032 | ||
| 008 | 000000n2000 000 0 eng u | ||
| 035 | _a(Sirsi) u109118 | ||
| 100 | _aMungo, J. | ||
| 245 | _aVictims of terrorism | ||
| 260 | _c2000 | ||
| 490 |
_aProperty Week _v65(42) 27 October 2000, 102(1) |
||
| 520 | _aUrges landlords and occupiers to urgently review their insurance arrangements in the light of the Terrorism Bill, which is due to go before the House of Lords in the current session of parliament. If they do not they could find that their arrangements are inadequate. For the Bill contains a proposal to broaden the definition of terrorism to cover: 'the use or threat of action for advancing political, religious or ideological causes involving serious violence towards people or property, endangering life or creating a serious risk to the public'. Suggests that terrorism top-up cover should be considered. The key point is to ensure that full terrorism cover is purchased for all property. | ||
| 590 | _aABS | ||
| 650 | _aTERRORISM | ||
| 650 | _aLANDLORDS | ||
| 650 | _aOCCUPIERS | ||
| 650 | _aTERRORISM INSURANCE | ||
| 650 | _aTERRORISM COVER | ||
| 690 |
_aInsurance _96249 |
||
| 942 | _n0 | ||
| 999 |
_c65152 _d65152 |
||